| 000 | 00857nac a22002411u 4500 | ||
|---|---|---|---|
| 008 | 100906s200 ii |||||ril 001 0 eng d | ||
| 020 | _a8123908857 | ||
| 082 |
_a570.285 _bRAS _222 |
||
| 100 |
_aRastogi, S.C. _918393 |
||
| 245 |
_aBioinformatics : _bConcepts, Skills and Applications / _cS.C. Rastogi, Namita Mendiratta. |
||
| 260 |
_aNew Delhi : _bCBS Publishers and Distributors, _c2004. |
||
| 300 |
_a352 p. : _bill. ; _c24 cm. |
||
| 500 | _aIncludes index. | ||
| 650 |
_aLife sciences _xData processing _918394 |
||
| 650 |
_aGenomes _xData processing _918395 |
||
| 650 |
_aComputational Biology. _918396 |
||
| 650 |
_aGenome. _918397 |
||
| 700 |
_aMendiratta, Namita. _918398 |
||
| 942 |
_cBB _k570.285 RAS _2ddc _hRDA-MOD |
||
| 999 |
_c785 _d785 |
||
| 336 |
_2rdacontent _atext _btxt |
||
| 337 |
_aunmediated _2rdamedia _bn |
||
| 338 |
_avolume _bnc _2rdacarrier |
||